<?xml version="1.0" encoding="UTF-8"?>
<record
    xmlns:xsi="http://www.w3.org/2001/XMLSchema-instance"
    xsi:schemaLocation="http://www.loc.gov/MARC21/slim http://www.loc.gov/standards/marcxml/schema/MARC21slim.xsd"
    xmlns="http://www.loc.gov/MARC21/slim">

  <leader>01424cam a2200385 a 4500</leader>
  <controlfield tag="001">4437006</controlfield>
  <controlfield tag="003">OSt</controlfield>
  <controlfield tag="005">20140310182035.0</controlfield>
  <controlfield tag="008">940108s1992    ilua   j      000 0 eng d</controlfield>
  <datafield tag="010" ind1=" " ind2=" ">
    <subfield code="a">   94103093 </subfield>
  </datafield>
  <datafield tag="020" ind1=" " ind2=" ">
    <subfield code="a">1561737208 :</subfield>
    <subfield code="c">$5.00</subfield>
  </datafield>
  <datafield tag="035" ind1=" " ind2=" ">
    <subfield code="a">(DLC)   94103093</subfield>
  </datafield>
  <datafield tag="035" ind1=" " ind2=" ">
    <subfield code="a">(OCoLC)27800219</subfield>
  </datafield>
  <datafield tag="040" ind1=" " ind2=" ">
    <subfield code="a">OCl</subfield>
    <subfield code="c">OCl</subfield>
    <subfield code="d">IWhN</subfield>
    <subfield code="d">DLC</subfield>
  </datafield>
  <datafield tag="042" ind1=" " ind2=" ">
    <subfield code="a">lccopycat</subfield>
    <subfield code="a">lcac</subfield>
  </datafield>
  <datafield tag="050" ind1="0" ind2="0">
    <subfield code="a">BS 570 </subfield>
    <subfield code="b">.R43 1994</subfield>
  </datafield>
  <datafield tag="082" ind1="0" ind2="0">
    <subfield code="a">HS 220.92 </subfield>
    <subfield code="b">W62 1994</subfield>
  </datafield>
  <datafield tag="100" ind1="1" ind2=" ">
    <subfield code="a">Brill, Marlene Targ.</subfield>
    <subfield code="9">10634</subfield>
  </datafield>
  <datafield tag="245" ind1="1" ind2="0">
    <subfield code="a">Reader's Digest :</subfield>
    <subfield code="c">Who's who in the Bible /</subfield>
  </datafield>
  <datafield tag="260" ind1=" " ind2=" ">
    <subfield code="a">Pleasantville, N.Y. :</subfield>
    <subfield code="b">Reader's Digest Association,</subfield>
    <subfield code="c">c1994.</subfield>
  </datafield>
  <datafield tag="300" ind1=" " ind2=" ">
    <subfield code="a">480 p. :</subfield>
    <subfield code="b">col. ill., col. maps ;</subfield>
    <subfield code="c">28 cm.</subfield>
  </datafield>
  <datafield tag="490" ind1="1" ind2=" ">
    <subfield code="a">Children's Bible stories</subfield>
  </datafield>
  <datafield tag="520" ind1=" " ind2=" ">
    <subfield code="a">Retells the story of David whose faith in God helped him overcome the Philistine giant Goliath.</subfield>
  </datafield>
  <datafield tag="600" ind1="0" ind2="0">
    <subfield code="a">David,</subfield>
    <subfield code="c">King of Israel</subfield>
    <subfield code="v">Juvenile literature.</subfield>
    <subfield code="9">10650</subfield>
  </datafield>
  <datafield tag="600" ind1="0" ind2="1">
    <subfield code="a">David,</subfield>
    <subfield code="c">King of Israel.</subfield>
    <subfield code="9">10651</subfield>
  </datafield>
  <datafield tag="600" ind1="0" ind2="1">
    <subfield code="a">Goliath</subfield>
    <subfield code="c">(Biblical giant)</subfield>
    <subfield code="9">10652</subfield>
  </datafield>
  <datafield tag="630" ind1="0" ind2="0">
    <subfield code="a">Bible.</subfield>
    <subfield code="p">O.T.</subfield>
    <subfield code="v">Biography</subfield>
    <subfield code="v">Juvenile literature.</subfield>
    <subfield code="9">10653</subfield>
  </datafield>
  <datafield tag="650" ind1=" " ind2="1">
    <subfield code="a">Bible stories</subfield>
    <subfield code="x">O.T.</subfield>
    <subfield code="9">10654</subfield>
  </datafield>
  <datafield tag="700" ind1="1" ind2=" ">
    <subfield code="a">Gianni, Thomas,</subfield>
    <subfield code="e">ill.</subfield>
    <subfield code="9">10655</subfield>
  </datafield>
  <datafield tag="800" ind1="1" ind2=" ">
    <subfield code="a">Brill, Marlene Targ.</subfield>
    <subfield code="t">Children's Bible stories.</subfield>
    <subfield code="9">10656</subfield>
  </datafield>
  <datafield tag="906" ind1=" " ind2=" ">
    <subfield code="a">7</subfield>
    <subfield code="b">cbc</subfield>
    <subfield code="c">copycat</subfield>
    <subfield code="d">3</subfield>
    <subfield code="e">ncip</subfield>
    <subfield code="f">19</subfield>
    <subfield code="g">y-gencatlg</subfield>
  </datafield>
  <datafield tag="942" ind1=" " ind2=" ">
    <subfield code="2">lcc</subfield>
    <subfield code="c">HS</subfield>
  </datafield>
  <datafield tag="999" ind1=" " ind2=" ">
    <subfield code="c">8665</subfield>
    <subfield code="d">8665</subfield>
  </datafield>
  <datafield tag="952" ind1=" " ind2=" ">
    <subfield code="0">0</subfield>
    <subfield code="1">0</subfield>
    <subfield code="2">lcc</subfield>
    <subfield code="4">0</subfield>
    <subfield code="a">LUX</subfield>
    <subfield code="b">LUX</subfield>
    <subfield code="c">HS</subfield>
    <subfield code="d">2013-08-15</subfield>
    <subfield code="l">0</subfield>
    <subfield code="o">BS 570  .R43 1994</subfield>
    <subfield code="p">8693</subfield>
    <subfield code="r">2013-08-15 00:00:00</subfield>
    <subfield code="t">1</subfield>
    <subfield code="w">2013-08-15</subfield>
    <subfield code="y">BK</subfield>
  </datafield>
</record>
